Longest Best Pictures Quiz Stats

Quiz Updated Apr 25, 2012

Challenge
Share
Tweet
Embed
Score 0/11 Timer 05:00
3 Plays Today
Rank Movie % Correct
7Titanic
66.6%
1Gone With the Wind
56.3%
4The Lord of the Rings: Return of the King
56.3%
2Lawrence of Arabia
43.9%
3Ben-Hur
35.7%
5The Godfather: Part II
26.9%
6Schindler's List
25.5%
11Dances With Wolves
18%
8Gandhi
17%
10The Deer Hunter
10.8%
9The Great Ziegfeld
2.3%

You're not logged in!

Compare scores with friends on all Sporcle quizzes.
Sign Up with Email
OR
Log In

You Might Also Like...

Show Comments

Extras

Top Quizzes Today


Score Distribution

Your Account Isn't Verified!

In order to create a playlist on Sporcle, you need to verify the email address you used during registration. Go to your Sporcle Settings to finish the process.